| 000 | 00719nam a2200229 a 4500 | ||
|---|---|---|---|
| 005 | 20210223124708.0 | ||
| 008 | 020829s1985 mx r 000 0 spa d | ||
| 020 | _a9684091907 | ||
| 035 | _aUPN01000118774 | ||
| 049 | _aCG | ||
| 050 | 4 |
_aHG229 _bH4.28 1985 |
|
| 100 | 1 |
_aHeilbroner, Robert L., _d1919-2005 _942756 |
|
| 245 | 1 | 0 |
_aCinco retos económicos / _cRobert L. Heilbroner, Lester Thurow ; tr. Aurora Merino. |
| 250 | _a2a ed. | ||
| 260 |
_aMéxico : _bEDAMEX, _c1985. |
||
| 300 | _a138 p. | ||
| 534 |
_pTraducción de: _tFive economic challenges |
||
| 650 | 4 |
_aINFLACION (FINANZAS) _914351 |
|
| 650 | 4 |
_aPOLITICA MONETARIA _91440 |
|
| 700 | 1 |
_aThurow, Lester C., _d1938-2016 _ecoaut. _942757 |
|
| 905 | _aLibro | ||
| 999 |
_c91137 _d91137 |
||